Identifikácia konkurenčnej výhody na základe SWOT analýzy

Enregistré dans:
Détails bibliographiques
Auteur principal: Rusina, Martin (Auteur)
Autres auteurs: Kuperová, Martina (Directeur de thèse)
Format: Manuscrit Livre
Langue:slovaque
Publié: 2016
Sujets:
Accès en ligne:http://is.stuba.sk/zp/portal_zp.pl?podrobnosti=135455
Tags: Ajouter un tag
Pas de tags, Soyez le premier à ajouter un tag!

MARC

LEADER 00000ntm a22000003a 4500
001 stuzp58418
003 SK-STU
005 20160719155547.1
007 ta
008 150427s2015----xo-----f-mn---000-0-slo-d
040 |a STU  |b slo 
041 0 |a slo 
100 1 |a Rusina, Martin  |u 902024  |4 aut  |U Ústav manažmentu STU  |T ÚM - Oddelenie manažmentu chemických a potravinárskych technológií  |X 63881  |U R2024  |Y 408  |7 63881 
242 0 1 |a The Identification of a Competitive Advantage Based on the SWOT Analysis  |y eng 
245 1 0 |a Identifikácia konkurenčnej výhody na základe SWOT analýzy 
260 |c 2016 
650 4 |a príležitosti  |2 slo 
650 4 |a hrozby  |2 slo 
650 4 |a slabé stránky  |2 slo 
650 4 |a silné stránky  |2 slo 
650 4 |a SWOT analýza  |2 slo 
650 4 |a weaknesses  |2 eng 
650 4 |a strengths  |2 eng 
650 4 |a opportunities  |2 eng 
650 4 |a SWOT analysis  |2 eng 
650 4 |a threats  |2 eng 
700 1 |a Kuperová, Martina  |u 902024  |k Z1  |4 ths  |U Ústav manažmentu STU  |T ÚM - Oddelenie manažmentu chemických a potravinárskych technológií  |X 1717  |U R2024  |Y 408  |7 A000001717 
856 4 |u http://is.stuba.sk/zp/portal_zp.pl?podrobnosti=135455 
SQL |a stuzp58418  |b DBP  |c SLO  |d Identifikácia konkurenčnej výhody na základe SWOT analýzy  |e 63881  |f Rusina, Martin  |g 902024  |h 1717  |i Kuperová, Martina  |j 20160712  |k 1925  |l 04  |m http://is.stuba.sk/zp/portal_zp.pl?podrobnosti=135455  |n B-AIMCHP  |o 5.2.14. automatizácia, 5.2.52. priemyselné inžinierstvo